LEADER 00878nam0 22002531i 450 001 UON00348631 005 20231205104331.557 100 $a20091202d1958 |0itac50 ba 101 $aeng 102 $aGB 105 $a|||| 1|||| 200 1 $aCollected poems$fEdith Sitwell 210 $aLondon$cMacmillan$d1958 215 $axlvi, 445 p.$d22 cm. 620 $aGB$dLondon$3UONL003044 676 $a821.91$cPoesia inglese, 1900-1999$v21 700 1$aSITWELL$bEdith$3UONV114486$0196513 712 $aMacmillan$3UONV276620$4650 801 $aIT$bSOL$c20240220$gRICA 899 $aSIBA - SISTEMA BIBLIOTECARIO DI ATENEO$2UONSI 912 $aUON00348631 950 $aSIBA - SISTEMA BIBLIOTECARIO DI ATENEO$dSI Angl VI A SIT $eSI SI 46 5 996 $aCollected Poems$9524705 997 $aUNIOR